| 000 | 00668nam a2200229 a 4500 | ||
|---|---|---|---|
| 999 |
_c6133 _d6133 |
||
| 001 | 6133 | ||
| 003 | BD-JhCC | ||
| 005 | 20180102105709.0 | ||
| 008 | 171125s2006 bg |||| |a|| 000 0 ben d | ||
| 020 | _a9848557660 | ||
| 035 | _a(BD-JhCC)4275 | ||
| 040 |
_aBD-JhCC _dBD-JhCC |
||
| 041 | _aben | ||
| 082 |
_a612 _bCHA 2006 |
||
| 100 | _aচৌধুরী, শুভাগত | ||
| 245 |
_aশরীর নামের কারখানা / _cশুভাগত চৌধুরী |
||
| 260 |
_aঢাকা : _bসূচীপত্র প্রকাশ, _c2006. |
||
| 300 |
_a167 p. : _c22 cm. |
||
| 650 | _aHuman Body | ||
| 942 |
_2ddc _cBK |
||